[Event "Sparkassen Chess Trophy 2024 A-Open"]
[Site "Dortmund"]
[Date "2024.08.11"]
[Round "2"]
[White "Gallana, Marco"]
[Black "Steinle, Carsten"]
[Result "1-0"]
[WhiteElo "2276"]
[BlackElo "2017"]
[PlyCount "39"]
[EventDate "2024.08.10"]

1. c4 b6 2. d4 Nf6 3. Nc3 Bb7 4. d5 e6 5. a3 exd5 6. cxd5 b5 7. e4 b4 8. axb4 Bxb4 9. Bd3 Qe7 10. Nge2 Nxe4 11. O-O Nxc3 12. bxc3 Bc5 13. Qb3 Bb6 14. Ng3 O-O 15. Nf5 Qe5 16. c4 Na6 17. Bb2 Nc5 18. Qc2 Qf4 19. Bxg7 Rfe8 20. Qc3 1-0

[Event "Sparkassen Chess Trophy 2024 A-Open"]
[Site "Dortmund"]
[Date "2024.08.11"]
[Round "2"]
[White "Mainka, Romuald"]
[Black "Winkler, Yonathan"]
[Result "0-1"]
[WhiteElo "2370"]
[BlackElo "2047"]
[PlyCount "83"]
[EventDate "2024.08.10"]

1. e4 c5 2. Nf3 e6 3. d4 cxd4 4. Nxd4 a6 5. Bd3 Bc5 6. Nb3 Ba7 7. Nc3 Nc6 8. Qe2 b5 9. Be3 Ne5 10. Bxa7 Rxa7 11. Qe3 Rc7 12. Qg3 Qf6 13. f4 Nxd3+ 14. cxd3 Bb7 15. O-O Ne7 16. f5 e5 17. d4 d6 18. d5 g6 19. fxg6 Qxg6 20. Qxg6 hxg6 21. Rf6 Rd7 22. Na5 Ng8 23. Rf3 Ba8 24. a4 b4 25. Na2 f5 26. Nxb4 fxe4 27. Rg3 Ne7 28. Rc3 Kf7 29. Rf1+ Kg7 30. Nc4 a5 31. Nxa5 Nxd5 32. Nxd5 Bxd5 33. Rd1 Be6 34. Nc6 Rc8 35. b4 Bg4 36. Rdc1 Rdc7 37. b5 Bd7 38. a5 d5 39. R3c2 d4 40. Kf1 e3 41. Rc5 d3 42. Rxe5 0-1

[Event "Sparkassen Chess Trophy 2024 A-Open"]
[Site "Dortmund"]
[Date "2024.08.11"]
[Round "2"]
[White "Wegener, Olaf"]
[Black "Harutyunyan, Hovhannes"]
[Result "1-0"]
[WhiteElo "2390"]
[BlackElo "1992"]
[PlyCount "53"]
[EventDate "2024.08.10"]

1. e4 e6 2. d4 d5 3. Nc3 Nf6 4. e5 Nfd7 5. f4 c5 6. Nf3 Nc6 7. Be3 cxd4 8. Nxd4 Bc5 9. Qd2 Nxd4 10. Bxd4 a6 11. O-O-O Bxd4 12. Qxd4 Qb6 13. Qd2 O-O 14. h4 f6 15. exf6 Nxf6 16. Be2 Bd7 17. Bf3 Bc6 18. Rhe1 Rfe8 19. Qd4 Qa5 20. Kb1 Rac8 21. g4 Bb5 22. g5 Rc4 23. Qd2 Nd7 24. Bxd5 Rxc3 25. Rxe6 Rxe6 26. Bxe6+ Kh8 27. Qxc3 1-0

[Event "Sparkassen Chess Trophy 2024 A-Open"]
[Site "Dortmund"]
[Date "2024.08.11"]
[Round "2"]
[White "Bagrationi, Alexander"]
[Black "Schaller, Fabian"]
[Result "1-0"]
[WhiteElo "2411"]
[BlackElo "2086"]
[PlyCount "120"]
[EventDate "2024.08.10"]

1. d4 Nf6 2. c4 e6 3. Nf3 c5 4. d5 exd5 5. cxd5 d6 6. Nc3 g6 7. Bf4 a6 8. a4 Bg7 9. e3 O-O 10. h3 Ne8 11. Be2 Nd7 12. O-O Ne5 13. Nd2 f5 14. Bh2 b6 15. Qc2 Nc7 16. f4 Nf7 17. e4 Rb8 18. Nc4 b5 19. Na5 Bd7 20. Nc6 Bxc6 21. dxc6 Ne6 22. exf5 Nd4 23. Qd1 gxf5 24. Bf3 b4 25. Ne2 Nxf3+ 26. Rxf3 Qf6 27. Qd3 Rfe8 28. Re1 Rbc8 29. Qxa6 d5 30. Re3 Red8 31. Ng3 Qxc6 32. Qxc6 Rxc6 33. Re8+ Rxe8 34. Rxe8+ Bf8 35. Nxf5 Nd6 36. Nh6+ Kg7 37. Re6 Rc8 38. Kf1 Nf7 39. Nf5+ Kg8 40. Ke2 Rd8 41. Bg1 Nd6 42. Nxd6 Bxd6 43. f5 Kf7 44. a5 Be7 45. Rxe7+ Kxe7 46. Bxc5+ Kf6 47. g4 Ra8 48. Bxb4 Ke5 49. Kd3 d4 50. Be1 h5 51. g5 Kxf5 52. Kxd4 Kxg5 53. b4 Re8 54. Bg3 h4 55. Bd6 Re6 56. Kd5 Re3 57. b5 Rxh3 58. a6 Rd3+ 59. Kc6 h3 60. a7 Ra3 1-0

[Event "Sparkassen Chess Trophy 2024 A-Open"]
[Site "Dortmund"]
[Date "2024.08.11"]
[Round "2"]
[White "Stalmach, Richard"]
[Black "Fronda, Jan Jodilyn"]
[Result "1-0"]
[WhiteElo "2443"]
[BlackElo "2089"]
[PlyCount "109"]
[EventDate "2024.08.10"]

1. d4 Nf6 2. c4 c5 3. d5 b5 4. cxb5 a6 5. bxa6 d6 6. Nc3 g6 7. Nf3 Bg7 8. a7 Rxa7 9. e4 O-O 10. Be2 Nbd7 11. O-O Ba6 12. a4 Bxe2 13. Qxe2 Qa8 14. Ra3 Rb8 15. b3 Rb4 16. Nd2 Ne8 17. Nb5 Ra6 18. h4 Nb6 19. h5 Ra5 20. Nb1 Nc4 21. bxc4 Rxb1 22. h6 Bh8 23. Qc2 Rb4 24. Bd2 Rb2 25. Qd1 Ra6 26. a5 Qc8 27. f4 Nc7 28. Rb3 Ra8 29. Rxb2 Bxb2 30. Nxc7 Bd4+ 31. Kh2 Qxc7 32. Qa4 f5 33. exf5 gxf5 34. Rb1 Qc8 35. Rb3 Kf7 36. Rh3 Qg8 37. Qd7 Qg4 38. Qe6+ Ke8 39. a6 Bf2 40. Be3 Bxe3 41. Rxe3 Qxf4+ 42. Kg1 Qg5 43. Rf3 Rb8 44. Rf1 Qh4 45. Qxf5 Qxc4 46. Rf4 Qc1+ 47. Kh2 Kd8 48. Qe4 Kd7 49. Qe6+ Ke8 50. Rg4 Kd8 51. Rg8+ Kc7 52. Qxe7+ Kb6 53. Rxb8+ Ka5 54. Qxd6 Qe3 55. a7 1-0

[Event "Sparkassen Chess Trophy 2024 A-Open"]
[Site "Dortmund"]
[Date "2024.08.11"]
[Round "2"]
[White "Sokolovsky, Yahli"]
[Black "Neumair, Jerome"]
[Result "1-0"]
[WhiteElo "2522"]
[BlackElo "2091"]
[PlyCount "61"]
[EventDate "2024.08.10"]

1. e4 e6 2. d4 d5 3. Nd2 c5 4. exd5 Qxd5 5. Ngf3 cxd4 6. Bc4 Qd6 7. O-O Nf6 8. Nb3 Nc6 9. Nbxd4 Nxd4 10. Nxd4 Be7 11. Re1 O-O 12. c3 Qc7 13. Qe2 Bd7 14. Nb5 Qc6 15. Bf4 a6 16. Nd4 Qb6 17. Rad1 Bb5 18. Bxb5 axb5 19. a3 Nd5 20. Be5 Bc5 21. Nb3 Rfe8 22. Rd2 f6 23. Bd4 Bxd4 24. Nxd4 Nc7 25. Red1 Rad8 26. Nc2 Rxd2 27. Rxd2 e5 28. Ne3 Qe6 29. Qd1 Qa2 30. g3 Ne6 31. Nf5 {Erfassung abgebrochen, unleserlich} 1-0

[Event "Sparkassen Chess Trophy 2024 A-Open"]
[Site "Dortmund"]
[Date "2024.08.11"]
[Round "2"]
[White "Sumets, Andrey"]
[Black "Hirzel, Cedric"]
[Result "1-0"]
[WhiteElo "2507"]
[BlackElo "2116"]
[PlyCount "115"]
[EventDate "2024.08.10"]

1. d4 Nf6 2. Nf3 d5 3. c4 e6 4. g3 Be7 5. Bg2 O-O 6. Nc3 dxc4 7. Ne5 c5 8. dxc5 Qxd1+ 9. Nxd1 Bxc5 10. O-O Nc6 11. Nxc4 Bd7 12. Be3 Bxe3 13. Ndxe3 Rab8 14. Rfd1 Ne7 15. Ne5 Bc6 16. Nxc6 bxc6 17. Nc4 Rfd8 18. Rxd8+ Rxd8 19. Rc1 g6 20. Kf1 Nfd5 21. Ke1 Kg7 22. a3 c5 23. Rc2 Nb6 24. Na5 Rc8 25. Bb7 Rc7 26. Ba6 Ned5 27. Nb7 Nd7 28. Nd6 Kf8 29. Bb5 N7b6 30. e4 Nf6 31. b4 Nfd7 32. Be2 Na4 33. f4 Ke7 34. e5 f6 35. Nb5 Rb7 36. exf6+ Kxf6 37. Nd6 Rb6 38. Ne4+ Ke7 39. bxc5 Naxc5 40. Nxc5 Rc6 41. Nxd7 Rxc2 42. Ne5 Ra2 43. Nc4 Kf6 44. h4 Rc2 45. a4 Rc3 46. Kf2 Rb3 47. a5 Rc3 48. a6 Ke7 49. Ne5 Kd6 50. Nf7+ Ke7 51. Ng5 h6 52. Nf3 Kf6 53. g4 Ke7 54. g5 hxg5 55. hxg5 Kf7 56. Ne5+ Kg7 57. Bf3 Rc7 58. Bb7 1-0

[Event "Sparkassen Chess Trophy 2024 A-Open"]
[Site "Dortmund"]
[Date "2024.08.11"]
[Round "2"]
[White "Krams, Amatus"]
[Black "Lain, Luigi"]
[Result "0-1"]
[WhiteElo "1902"]
[BlackElo "2236"]
[PlyCount "54"]
[EventDate "2024.08.10"]

1. e4 e5 2. Nf3 Nc6 3. Bc4 Bc5 4. c3 Nf6 5. d4 exd4 6. b4 Bb6 7. e5 Ne4 8. Bd5 Nxc3 9. Nxc3 dxc3 10. O-O Qe7 11. b5 Nb4 12. Bb3 c2 13. Qe2 c6 14. Re1 Qc5 15. bxc6 bxc6 16. Ng5 O-O 17. Be3 Qxe5 18. Qh5 Qf5 19. Bxb6 h6 20. Bxf7+ Rxf7 21. Re8+ Rf8 22. Bc5 d6 23. Rxf8+ Qxf8 24. Bxb4 hxg5 25. Qg6 Bf5 26. Qxd6 Qxd6 27. Bxd6 Rd8 0-1

[Event "Sparkassen Chess Trophy 2024 A-Open"]
[Site "Dortmund"]
[Date "2024.08.11"]
[Round "2"]
[White "Green, Michael"]
[Black "Albert, Markus"]
[Result "1-0"]
[WhiteElo "1976"]
[BlackElo "2247"]
[PlyCount "55"]
[EventDate "2024.08.10"]

1. d4 d6 2. Nf3 f5 3. h3 Nf6 4. g4 fxg4 5. hxg4 Bxg4 6. Qd3 Bxf3 7. Qxf3 Nc6 8. c3 e5 9. Bg5 Qe7 10. d5 Nb8 11. e4 Nbd7 12. Nd2 g6 13. b4 Bg7 14. Bh3 O-O-O 15. Qd3 h6 16. Be3 Kb8 17. Nb3 Nh5 18. Na5 Qe8 19. Nc6+ Ka8 20. Nxa7 Nb8 21. c4 b6 22. Qa3 Kb7 23. c5 c6 24. cxb6 cxd5 25. Rc1 Na6 26. b5 Nc5 27. Rxc5 d4 28. Qa6+ 1-0

[Event "Sparkassen Chess Trophy 2024 A-Open"]
[Site "Dortmund"]
[Date "2024.08.11"]
[Round "2"]
[White "Froeyman, Helmut"]
[Black "Bernig Le Duigou, Vincent"]
[Result "1-0"]
[WhiteElo "2252"]
[BlackElo "1876"]
[PlyCount "137"]
[EventDate "2024.08.10"]

1. e4 c5 2. Nf3 Nc6 3. d4 cxd4 4. Nxd4 g6 5. c4 Bg7 6. Be3 Nf6 7. Nc3 O-O 8. Be2 d6 9. O-O Bd7 10. Qd2 Nxd4 11. Bxd4 Bc6 12. f3 Nd7 13. Be3 a5 14. b3 Nc5 15. Rac1 Qb6 16. Nb5 Rfc8 17. Rfd1 Qd8 18. Bf1 h5 19. g3 Bd7 20. Bg2 Qf8 21. Nd4 Kh7 22. Rf1 f5 23. exf5 Bxf5 24. Nxf5 Qxf5 25. Rcd1 a4 26. b4 Na6 27. Rc1 Rc7 28. Bb6 Rc6 29. Bf2 Rc7 30. f4 Rac8 31. Rfe1 Rxc4 32. Rxc4 Rxc4 33. Rxe7 Rc7 34. Rxc7 Nxc7 35. Bxb7 d5 36. Bb6 Qe4 37. h4 Qf3 38. Kh2 Ne8 39. Bxd5 Qf1 40. Bg2 Qb1 41. Bc5 Nf6 42. Bf3 a3 43. b5 Qb2 44. Qg2 Nd7 45. Bd6 Nb6 46. Be4 Nc4 47. Qxb2 axb2 48. Bc5 Bc3 49. b6 Ba5 50. b7 Bc7 51. Bd4 Nd2 52. Bxb2 Nxe4 53. Be5 Nd6 54. a4 Nxb7 55. Bxc7 Nc5 56. a5 Kg7 57. Bd6 Na6 58. Kh3 Kf6 59. g4 Ke6 60. Ba3 Kd5 61. Kg3 Nb8 62. f5 gxf5 63. gxh5 Nd7 64. a6 Kc6 65. Be7 Ne5 66. h6 f4+ 67. Kxf4 Ng6+ 68. Kg5 Nxe7 69. h7 1-0

[Event "Sparkassen Chess Trophy 2024 A-Open"]
[Site "Dortmund"]
[Date "2024.08.11"]
[Round "2"]
[White "Knudsen, Simon"]
[Black "Brunetti, Alberto Fakhri"]
[Result "1-0"]
[WhiteElo "2251"]
[BlackElo "1942"]
[PlyCount "55"]
[EventDate "2024.08.10"]

1. e4 c5 2. Nf3 d6 3. Bb5+ Nd7 4. a4 Ngf6 5. Nc3 g6 6. a5 a6 7. Bc4 Bg7 8. Bxf7+ Kf8 9. d3 Nb8 10. Bb3 Nc6 11. Ng5 Nxa5 12. Nf7 Qc7 13. Nxh8 Bxh8 14. Nd5 Nxd5 15. Bxd5 e6 16. Qf3+ Kg8 17. Ba2 Bd7 18. O-O Rf8 19. Qh3 c4 20. Bd2 Nc6 21. Bxc4 Bxb2 22. Bxe6+ Bxe6 23. Qxe6+ Kh8 24. Bh6 Rd8 25. Rab1 Bd4 26. Kh1 Ne5 27. Qd5 Nc6 28. f4 1-0

[Event "Sparkassen Chess Trophy 2024 A-Open"]
[Site "Dortmund"]
[Date "2024.08.11"]
[Round "2"]
[White "Stoll, Lucia"]
[Black "Gloeckler, Christian"]
[Result "0-1"]
[WhiteElo "1984"]
[BlackElo "2289"]
[PlyCount "80"]
[EventDate "2024.08.10"]

1. e4 c5 2. Nf3 d6 3. d4 cxd4 4. Nxd4 Nf6 5. Nc3 a6 6. Bg5 e6 7. f4 Nbd7 8. Qf3 Qc7 9. O-O-O b5 10. Bd3 Bb7 11. Rhe1 Qb6 12. Nd5 Qxd4 13. Bxf6 gxf6 14. Bxb5 Qc5 15. b4 Qxb5 16. Nc7+ Ke7 17. Nxb5 axb5 18. Qd3 Ra6 19. Qxb5 Rb6 20. Qd3 Bh6 21. g3 Ra8 22. a3 e5 23. Rf1 Ba6 24. Qd5 Rc8 25. Rf2 Bc4 26. Qd2 Rbc6 27. Kb1 Nb6 28. Rf3 Bb5 29. Qf2 Ba4 30. Rc1 Nc4 31. Rd3 Ra6 32. Ka2 Bd7 33. fxe5 Nxe5 34. Rf1 Be6+ 35. Kb1 Nxd3 36. Qxf6+ Kd7 37. Qxh6 Rxa3 38. Rxf7+ Bxf7 39. Qxh7 Ne5 40. Qf5+ Kc7 0-1

[Event "Sparkassen Chess Trophy 2024 A-Open"]
[Site "Dortmund"]
[Date "2024.08.11"]
[Round "2"]
[White "Fiedorek, Michal"]
[Black "Oest, Thorsten"]
[Result "1-0"]
[WhiteElo "2297"]
[BlackElo "1977"]
[PlyCount "75"]
[EventDate "2024.08.10"]

1. e4 c5 2. Nf3 d6 3. d4 cxd4 4. Nxd4 Nf6 5. Nc3 a6 6. h3 e5 7. Nb3 Be6 8. f4 exf4 9. Bxf4 Nc6 10. Qe2 Be7 11. O-O-O Qc7 12. g4 h6 13. Kb1 O-O-O 14. Nd5 Bxd5 15. exd5 Ne5 16. Bd2 Rde8 17. Ba5 Qd7 18. Qe3 Bd8 19. Qa7 Bxa5 20. Nxa5 Qc7 21. Nxb7 Kd7 22. Re1 Ra8 23. Nc5+ dxc5 24. Qxc7+ Kxc7 25. Rxe5 Kd6 26. Re1 Rhe8 27. Rxe8 Rxe8 28. Bxa6 Kxd5 29. Rd1+ Ke5 30. Bc4 Kf4 31. a4 Ra8 32. b3 Ne4 33. Rd7 Kg3 34. Rd3+ Kf4 35. Bxf7 Ra7 36. Bd5 Nf2 37. Rf3+ Ke5 38. c4 1-0

[Event "Sparkassen Chess Trophy 2024 A-Open"]
[Site "Dortmund"]
[Date "2024.08.11"]
[Round "2"]
[White "Christodoulaki, Antonia"]
[Black "Scholz, Christian"]
[Result "1/2-1/2"]
[WhiteElo "1994"]
[BlackElo "2305"]
[PlyCount "57"]
[EventDate "2024.08.10"]

1. e4 c5 2. Nf3 d6 3. d4 cxd4 4. Qxd4 Nf6 5. e5 dxe5 6. Qxd8+ Kxd8 7. Nxe5 Be6 8. Be2 Nbd7 9. Nxd7 Bxd7 10. Bf3 Bc6 11. Bxc6 bxc6 12. Nc3 e5 13. Bg5 Be7 14. O-O-O+ Nd7 15. Ne4 f6 16. Be3 Kc7 17. c4 f5 18. Ng5 Bxg5 19. Bxg5 h6 20. Bd2 a5 21. Bc3 Rhe8 22. Rhe1 g6 23. Kc2 Re6 24. Re2 e4 25. Bd4 g5 26. Rde1 Rae8 27. f3 Kd6 28. fxe4 fxe4 29. a4 1/2-1/2

[Event "Sparkassen Chess Trophy 2024 A-Open"]
[Site "Dortmund"]
[Date "2024.08.11"]
[Round "2"]
[White "Farokhi, Keyvan"]
[Black "Goldinov, Daniel"]
[Result "1/2-1/2"]
[WhiteElo "2307"]
[BlackElo "1989"]
[PlyCount "90"]
[EventDate "2024.08.10"]

1. e4 c5 2. Nf3 e6 3. d4 cxd4 4. Nxd4 Nc6 5. Nc3 Qc7 6. Be3 a6 7. Qf3 Nf6 8. O-O-O Ne5 9. Qg3 b5 10. f4 Neg4 11. Bg1 h5 12. e5 b4 13. Na4 Nd5 14. h3 Nh6 15. f5 Be7 16. Kb1 O-O 17. Bd3 h4 18. Qe1 exf5 19. Nxf5 Nxf5 20. Bxf5 Bb7 21. Bd4 Qa5 22. b3 Bc6 23. Qe2 Bxa4 24. Qh5 g6 25. Bxg6 fxg6 26. Qxg6+ Kh8 27. e6+ Bf6 28. e7 Nc3+ 29. Kb2 Nxd1+ 30. Rxd1 Bxd4+ 31. Rxd4 Qe5 32. exf8=Q+ Rxf8 33. Qh6+ Kg8 34. Qxh4 Bc6 35. a3 a5 36. Ka2 Rf5 37. Qd8+ Kf7 38. Rh4 Qg7 39. Rh8 Re5 40. Qh4 Be4 41. Rd8 Re7 42. Qf4+ Kg6 43. Qg3+ Kf7 44. Qf4+ Kg6 45. Rb8 bxa3 1/2-1/2

[Event "Sparkassen Chess Trophy 2024 A-Open"]
[Site "Dortmund"]
[Date "2024.08.11"]
[Round "2"]
[White "Della Sala, Bruno"]
[Black "Kueppers, Timo"]
[Result "0-1"]
[WhiteElo "2010"]
[BlackElo "2288"]
[PlyCount "100"]
[EventDate "2024.08.10"]

1. d4 Nf6 2. Nc3 d5 3. Bf4 c5 4. e3 cxd4 5. exd4 a6 6. Be2 Nc6 7. Nf3 Bg4 8. Ne5 Bxe2 9. Nxe2 e6 10. O-O Bd6 11. Nxc6 bxc6 12. Qd3 O-O 13. c4 Bxf4 14. Nxf4 Qb8 15. Ne2 dxc4 16. Qxc4 Qxb2 17. Rab1 Qa3 18. Rb6 Rfb8 19. Rxc6 Nd5 20. Rc1 h6 21. h4 Nb4 22. Rc7 Qxa2 23. Nf4 Qxc4 24. R1xc4 g5 25. hxg5 hxg5 26. Ne2 Nd5 27. R7c5 Rb3 28. Ra4 Rb1+ 29. Kh2 Rb2 30. Nc3 Nxc3 31. Rxc3 Rxf2 32. Rc6 a5 33. d5 exd5 34. Rc5 Rf5 35. Rcxa5 Rxa5 36. Rxa5 Kg7 37. g4 Re5 38. Kg3 Kf6 39. Ra8 Re6 40. Rd8 Ke5 41. Rd7 f6 42. Kf3 Kd4 43. Rc7 Kd3 44. Rd7 d4 45. Rd8 Kc3 46. Rc8+ Kd2 47. Rd8 d3 48. Rd7 Kc2 49. Rc7+ Kd1 50. Rd7 d2 0-1

[Event "Sparkassen Chess Trophy 2024 A-Open"]
[Site "Dortmund"]
[Date "2024.08.11"]
[Round "2"]
[White "Gallasch, Jonas"]
[Black "Matsumura, Cocoro"]
[Result "1-0"]
[WhiteElo "2260"]
[BlackElo "1999"]
[PlyCount "69"]
[EventDate "2024.08.10"]

1. d4 Nf6 2. c4 e6 3. Nf3 a6 4. e3 d5 5. b3 b6 6. Bd3 Bd6 7. O-O O-O 8. Bb2 Bb7 9. Nbd2 Ne4 10. Qe2 Nd7 11. Rfd1 Qf6 12. Rac1 Qh6 13. h3 f5 14. Ne5 Ndf6 15. Nf1 f4 16. f3 Ng3 17. Nxg3 fxg3 18. c5 Bxe5 19. dxe5 Ng4 20. c6 Bc8 21. fxg4 Rf2 22. Qe1 Rxb2 23. Qxg3 Qg5 24. Rf1 a5 25. Qf3 Qe7 26. g5 Qe8 27. g6 Ba6 28. Qh5 h6 29. Bxa6 Rxa6 30. Rf7 Rxa2 31. Rxc7 b5 32. Re7 Qf8 33. Rf7 Qa3 34. Rcf1 Rxc6 35. Qf3 1-0

[Event "Sparkassen Chess Trophy 2024 A-Open"]
[Site "Dortmund"]
[Date "2024.08.11"]
[Round "2"]
[White "Hoppe, Thilo"]
[Black "Van der Hagen, Loek"]
[Result "1/2-1/2"]
[WhiteElo "2101"]
[BlackElo "2334"]
[PlyCount "181"]
[EventDate "2024.08.10"]

1. d4 Nf6 2. c4 e6 3. Nf3 d5 4. Nc3 Bb4 5. Qa4+ Nc6 6. Bg5 h6 7. Bxf6 Qxf6 8. e3 O-O 9. a3 Bxc3+ 10. bxc3 Rd8 11. Be2 Bd7 12. Qc2 Rac8 13. cxd5 exd5 14. O-O b6 15. c4 Bf5 16. Qa4 Bg4 17. h3 Bh5 18. Rac1 dxc4 19. Rxc4 Na5 20. Rcc1 Rd5 21. Rfe1 Qd8 22. e4 Rd6 23. Rcd1 Qe8 24. Qxe8+ Rxe8 25. g4 Bg6 26. Bd3 Bh7 27. e5 Rd5 28. Bxh7+ Kxh7 29. Rc1 Re7 30. Kf1 Nb3 31. Rc4 Red7 32. Ra4 c5 33. dxc5 Nxc5 34. Rd4 Ne6 35. Rxd5 Rxd5 36. Ke2 Ra5 37. Rc1 Nf4+ 38. Kf1 g5 39. h4 gxh4 40. Nxh4 Rxe5 41. Rc7 Kg8 42. Rxa7 h5 43. Ra4 Nd3 44. gxh5 Rxh5 45. Ke2 Nc5 46. Rb4 Re5+ 47. Kf1 Re6 48. Nf3 Kf8 49. Nd2 Nd3 50. Rd4 Nc5 51. Rb4 Rf6 52. Ne4 Rc6 53. Nxc5 bxc5 54. Rc4 Ke7 55. Ke2 Ke6 56. Kd3 Rd6+ 57. Kc3 Kd5 58. Rh4 Rf6 59. f4 Ra6 60. Kb3 c4+ 61. Kb2 f5 62. Rh1 Ke4 63. Rf1 Ke3 64. Ka2 Rb6 65. a4 c3 66. a5 Rb5 67. a6 Ra5+ 68. Kb3 Rxa6 69. Kxc3 Ra4 70. Re1+ Kf2 71. Re5 Rxf4 72. Kd3 Kf3 73. Re3+ Kf2 74. Re5 Rf3+ 75. Kd2 Kg3 76. Ke1 f4 77. Rg5+ Kh3 78. Rg8 Rg3 79. Rf8 Kg4 80. Kf2 Rf3+ 81. Kg2 Re3 82. Kf2 Re5 83. Rg8+ Kf5 84. Kf3 Re3+ 85. Kf2 Ke4 86. Re8+ Kd3 87. Rd8+ Kc4 88. Rf8 Re4 89. Kf3 Rd4 90. Rxf4 Rxf4+ 91. Kxf4 1/2-1/2

[Event "Sparkassen Chess Trophy 2024 A-Open"]
[Site "Dortmund"]
[Date "2024.08.11"]
[Round "2"]
[White "Bashirov, Kemal"]
[Black "Kurt, Sascha"]
[Result "1-0"]
[WhiteElo "2339"]
[BlackElo "2064"]
[PlyCount "57"]
[EventDate "2024.08.10"]

1. e4 c5 2. Nf3 d6 3. d4 cxd4 4. Nxd4 Nf6 5. Nc3 a6 6. h3 e5 7. Nb3 Be7 8. Be3 h6 9. Qf3 Qc7 10. O-O-O b5 11. Kb1 b4 12. Nd5 Nxd5 13. exd5 O-O 14. Qe4 a5 15. f4 f5 16. Qc4 Qxc4 17. Bxc4 a4 18. Nc5 e4 19. Ne6 Bxe6 20. dxe6 Nc6 21. g4 g6 22. h4 h5 23. gxh5 gxh5 24. Be2 Nd8 25. Bc4 Kh7 26. Rhg1 Rc8 27. Bd4 Rxc4 28. Rg7+ Kh6 29. Rdg1 1-0

[Event "Sparkassen Chess Trophy 2024 A-Open"]
[Site "Dortmund"]
[Date "2024.08.11"]
[Round "2"]
[White "Metzdorf, Matteo"]
[Black "Zamengo, Fulvio"]
[Result "0-1"]
[WhiteElo "2098"]
[BlackElo "2342"]
[PlyCount "116"]
[EventDate "2024.08.10"]

1. e4 e6 2. d4 d5 3. Nc3 Nf6 4. e5 Nfd7 5. f4 c5 6. Nf3 Nc6 7. Be3 a6 8. Qd2 b5 9. a3 Qa5 10. dxc5 Bxc5 11. Bxc5 Nxc5 12. Nd4 Nxd4 13. Qxd4 Na4 14. b4 Qc7 15. Nxa4 bxa4 16. c4 dxc4 17. Rc1 Qb7 18. Kf2 O-O 19. Be2 Bd7 20. Bf3 Bc6 21. Bxc6 Qxc6 22. Rxc4 Qb7 23. Rd1 Qe7 24. g3 Rad8 25. Qa1 h6 26. Rxd8 Rxd8 27. Rd4 Qa7 28. Ke3 Rc8 29. Qb2 Qb6 30. Qd2 g6 31. Ke2 Kg7 32. Ke3 h5 33. Ke2 Qc6 34. Ke3 Qh1 35. Rd7 Qg1+ 36. Kf3 Qf1+ 37. Ke3 Qd1 38. Rd4 Qb3+ 39. Rd3 Qb1 40. Rd7 Rc2 41. Qd1 Qb2 42. Rxf7+ Kh6 43. Rd7 Rxh2 44. Rd8 Qxa3+ 45. Qd3 Qc1+ 46. Kf3 Qh1+ 47. Ke3 Qe1+ 48. Kd4 Qxb4+ 49. Ke3 Qe1+ 50. Kd4 Rd2 51. Kc4 Qc1+ 52. Kb4 Rxd3 53. Rxd3 Qb1+ 54. Kc4 Qb5+ 55. Kd4 a3 56. g4 hxg4 57. f5 gxf5 58. Ke3 Qxe5+ 0-1

[Event "Sparkassen Chess Trophy 2024 A-Open"]
[Site "Dortmund"]
[Date "2024.08.11"]
[Round "2"]
[White "Waldhausen Gordon, Frederick"]
[Black "Koehler, Ronald"]
[Result "1/2-1/2"]
[WhiteElo "2342"]
[BlackElo "2104"]
[PlyCount "88"]
[EventDate "2024.08.10"]

1. d4 Nf6 2. c4 e6 3. Nf3 c5 4. d5 exd5 5. cxd5 d6 6. Nc3 g6 7. Nd2 Bg7 8. e4 O-O 9. Be2 Na6 10. O-O Re8 11. f3 Nc7 12. a4 b6 13. Nc4 Ba6 14. Bg5 Qd7 15. Qd2 Rab8 16. Kh1 Bxc4 17. Bxc4 a6 18. Be2 Ra8 19. Rab1 b5 20. b4 cxb4 21. Rxb4 bxa4 22. Bd1 Reb8 23. Bxa4 Qd8 24. Rxb8 Rxb8 25. Ne2 Nb5 26. Rc1 Qf8 27. Rc6 Nd7 28. Be3 Ne5 29. Rxa6 Na3 30. Rb6 Nac4 31. Rxb8 Qxb8 32. Qc3 Nxe3 33. Qxe3 Qb4 34. Qa7 h5 35. Ng1 Nd3 36. Be8 Qb2 37. Qe3 Qb1 38. g3 Bc3 39. Qa7 Ne5 40. Kg2 Kf8 41. Bc6 Qb2+ 42. Qf2 Qxf2+ 43. Kxf2 Bd4+ 44. Kg2 Bxg1 1/2-1/2

[Event "Sparkassen Chess Trophy 2024 A-Open"]
[Site "Dortmund"]
[Date "2024.08.11"]
[Round "2"]
[White "Gallas, Noel"]
[Black "Hoang, Thanh Trang"]
[Result "0-1"]
[WhiteElo "2053"]
[BlackElo "2354"]
[PlyCount "52"]
[EventDate "2024.08.10"]

1. d4 e6 2. c4 f5 3. g3 Nf6 4. Bg2 c6 5. Nh3 d6 6. O-O Be7 7. Nc3 Qc7 8. e4 e5 9. Re1 O-O 10. dxe5 dxe5 11. Qe2 Bc5 12. exf5 Bxf5 13. Qxe5 Re8 14. Qxe8+ Nxe8 15. Rxe8+ Kf7 16. Bf4 Qd7 17. Rh8 Bxh3 18. Rd1 Qe6 19. Bxh3 Qxh3 20. Ne4 Be7 21. Bxb8 Qe6 22. Re1 Qxc4 23. b3 Qc2 24. Re3 Qxa2 25. Rf3+ Kg6 26. Re8 Qb1+ 0-1

[Event "Sparkassen Chess Trophy 2024 A-Open"]
[Site "Dortmund"]
[Date "2024.08.11"]
[Round "2"]
[White "Cornelisse, Sam"]
[Black "Altini, Nicola"]
[Result "0-1"]
[WhiteElo "2119"]
[BlackElo "2374"]
[PlyCount "66"]
[EventDate "2024.08.10"]

1. d4 d5 2. c4 e6 3. Nf3 Nf6 4. g3 Bb4+ 5. Bd2 Be7 6. Bg2 O-O 7. O-O Nbd7 8. b4 Ne4 9. Qb3 dxc4 10. Qxc4 Nxd2 11. Nbxd2 Nb6 12. Qb3 a5 13. b5 a4 14. Qc2 Bd7 15. Rab1 Ra5 16. Ne5 Rxb5 17. Bxb7 Rxb1 18. Rxb1 Be8 19. e3 Bd6 20. Be4 g6 21. h4 Kg7 22. Kg2 h6 23. Ndf3 Nd5 24. Qc4 Qa8 25. Bc2 Bxe5 26. dxe5 Bc6 27. Qg4 Nc3 28. Rb4 h5 29. Qf4 Nd5 30. Qg5 Nxb4 31. Qf6+ Kh7 32. Bxg6+ fxg6 33. Qe7+ Kh8 0-1

[Event "Sparkassen Chess Trophy 2024 A-Open"]
[Site "Dortmund"]
[Date "2024.08.11"]
[Round "2"]
[White "Reuter, Julian-Frank"]
[Black "Zuferi, Enis"]
[Result "1/2-1/2"]
[WhiteElo "2091"]
[BlackElo "2394"]
[PlyCount "78"]
[EventDate "2024.08.10"]

1. d4 Nf6 2. Nf3 e6 3. g3 d5 4. Bg2 Be7 5. O-O O-O 6. c4 dxc4 7. Qc2 a6 8. a4 Bd7 9. Rd1 Bc6 10. Nc3 Bb4 11. Bg5 Bxc3 12. Qxc3 b5 13. Bxf6 Qxf6 14. axb5 axb5 15. Rxa8 Bxa8 16. Qa5 Bxf3 17. Bxf3 c6 18. b3 cxb3 19. Qc3 Rd8 20. Kg2 g6 21. e3 Rd6 22. Qxb3 e5 23. d5 cxd5 24. Bxd5 Kg7 25. Qxb5 Nc6 26. Ra1 e4 27. Rc1 Qf3+ 28. Kg1 Ne5 29. Bc4 Rd1+ 30. Rxd1 Qxd1+ 31. Kg2 Qf3+ 32. Kg1 Qd1+ 33. Kg2 Nf3 34. Bf1 Ne1+ 35. Kg1 Nf3+ 36. Kg2 Ne1+ 37. Kg1 Nd3 38. Qc4 Qe1 39. Qc2 f5 1/2-1/2